Mclaughlin maureen (Record no. 3659)
[ view plain ]
| 000 -LEADER | |
|---|---|
| fixed length control field | 00442nam a2200133Ia 4500 |
| 008 - FIXED-LENGTH DATA ELEMENTS--GENERAL INFORMATION | |
| fixed length control field | 151015s9999 xx 000 0 und d |
| 020 ## - INTERNATIONAL STANDARD BOOK NUMBER | |
| International Standard Book Number | 9.7801361013e+012 |
| 050 ## - LIBRARY OF CONGRESS CALL NUMBER | |
| Classification number | LB 1050 .455 .M48 2010 |
| 245 ## - TITLE STATEMENT | |
| Title | Mclaughlin maureen |
| 250 ## - EDITION STATEMENT | |
| Edition statement | _Instructor's copy Content Area reading Teaching nd Learning in an age of multiple Literacies |
| 500 ## - GENERAL NOTE | |
| General note | Includes Index |
| 650 ## - SUBJECT ADDED ENTRY--TOPICAL TERM | |
| Topical term or geographic name as entry element | _Teaching and Learning |
| 700 ## - ADDED ENTRY--PERSONAL NAME | |
| Personal name | ^d20120828 04:18:55^okorir |
No items available.